| 000 | 00626nam a22001937a 4500 | ||
|---|---|---|---|
| 003 | OSt | ||
| 005 | 20240722082132.0 | ||
| 008 | 240722b |||||||| |||| 00| 0 eng d | ||
| 020 | _a 978-621-8029-16-13 | ||
| 040 |
_aDWC- Main Lib _cOC |
||
| 082 | _aFil. 657.044 M645i 2019 | ||
| 100 | _aMillan , Zeus Vernon B. | ||
| 245 |
_aIntermediate accounting 1B / _cZeus Vernon B. Millan. |
||
| 260 |
_aBaguio City , Philippines : _bBandolin Enterprises , _cc2019. |
||
| 300 |
_axii , 538 pages : _billustrations ; _c22cm. |
||
| 504 | _aIncludes bibliographical references. | ||
| 650 | _a1. Accounting | ||
| 942 |
_2ddc _cBK - FIL _n1 |
||
| 999 |
_c2550 _d2550 |
||